000 00745nam a2200241Ia 4500
003 OSt
005 20220923223456.0
006 a|||||r|||| 00| 0
007 ta
008 220922b |||||||| |||| 00| 0 hin d
024 _a217,437
037 _cTextual
040 _aARTS
_cARTS
_bhin
041 _2hin
_ahin
082 _aQ2:4198.A, 152P3
100 _aहजारी, राजाराम
_9156279
245 0 _aप्राचीन भारत में तीर्थ
246 _aPrāchīn bhārat mean tīrtha
260 _aदिल्ली
_b शारदा
_c2003
300 _a367i`
_ccm.
942 _hQ2:4198.A, 152P3
_cTEXL
_2CC
999 _c365596
_d365596